[Event "Olympiad-44"]
[Site "Chennai"]
[Date "2022.08.03"]
[Round "6.2"]
[White "Dragnev, Valentin"]
[Black "McShane, Luke J"]
[Result "1/2-1/2"]
[WhiteElo "2557"]
[BlackElo "2649"]
[PlyCount "71"]
[EventDate "2022.07.29"]
[EventType "team-swiss"]
[EventRounds "11"]
[EventCountry "IND"]
[SourceTitle "CBM 210"]
[Source "ChessBase"]
[SourceDate "2022.10.31"]
[SourceVersion "1"]
[SourceVersionDate "2022.10.31"]
[SourceQuality "1"]
[WhiteTeam "Austria"]
[BlackTeam "England"]
[WhiteTeamCountry "AUT"]
[BlackTeamCountry "ENG"]

1. e4 e5 2. Nf3 Nc6 3. Bb5 Nf6 4. d3 Bc5 5. c3 0-0 6. 0-0 d6 7. h3 Bb6 8. Re1 Ne7 9. d4 Ng6 10. Bd3 c6 11. Nbd2 Re8 12. Nf1 Nh5 13. Bc2 Nhf4 14. Ng3 Be6 15. Be3 Bc7 16. Nf5 d5 17. dxe5 dxe4 18. Bxe4 Nxe5 19. N3d4 Bxf5 20. Bxf4 Bg6 21. Bxg6 hxg6 22. Qb3 Qf6 23. Bxe5 Bxe5 24. Nf3 b6 25. Nxe5 Rxe5 26. Rxe5 Qxe5 27. Qc2 Re8 28. Rd1 c5 29. Qd2 g5 30. c4 g6 31. b3 Kg7 32. a4 a5 33. Qd6 Qe2 34. Qd2 Qe5 35. Qd6 Qe2 36. Qd2 1/2-1/2

[Event "Olympiad-44"]
[Site "Chennai"]
[Date "2022.07.31"]
[Round "3.2"]
[White "Stremavicius, Titas"]
[Black "McShane, Luke J"]
[Result "1/2-1/2"]
[WhiteElo "2532"]
[BlackElo "2649"]
[PlyCount "108"]
[EventDate "2022.07.29"]
[EventType "team-swiss"]
[EventRounds "11"]
[EventCountry "IND"]
[SourceTitle "CBM 210"]
[Source "ChessBase"]
[SourceDate "2022.10.31"]
[SourceVersion "1"]
[SourceVersionDate "2022.10.31"]
[SourceQuality "1"]
[WhiteTeam "Lithuania"]
[BlackTeam "England"]
[WhiteTeamCountry "LTU"]
[BlackTeamCountry "ENG"]

1. c4 e5 2. Nc3 Nf6 3. Nf3 Nc6 4. e3 Be7 5. a3 0-0 6. b4 d5 7. cxd5 Nxd5 8. Qc2 Nxc3 9. dxc3 Qd6 10. Bb2 Qg6 11. Qxg6 hxg6 12. Bd3 Be6 13. 0-0-0 g5 14. Be4 f6 15. h3 a5 16. Bd5 Kf7 17. e4 Nd8 18. h4 Bxd5 19. Rxd5 Rh8 20. Rdd1 gxh4 21. Rxh4 Ne6 22. Rxh8 Rxh8 23. Kc2 Bd6 24. Bc1 Ke7 25. Kb3 b5 26. g3 g5 27. Be3 c5 28. Ra1 Ra8 29. Rh1 axb4 30. Rh7+ Ke8 31. axb4 cxb4 32. cxb4 Ra4 33. Bd2 g4 34. Nh2 Nd4+ 35. Kb2 Bxb4 36. Bxb4 Rxb4+ 37. Ka2 Ra4+ 38. Kb2 Rb4+ 39. Ka2 Ne2 40. Nxg4 Nc3+ 41. Ka3 Ra4+ 42. Kb2 Nxe4 43. f3 Nxg3 44. Nxf6+ Kd8 45. Rd7+ Kc8 46. Rd5 Rf4 47. Ne4 Nxe4 48. fxe4 Rxe4 49. Rxb5 Kd7 50. Kc3 Ke6 51. Kd3 Kf5 52. Rb8 Rd4+ 53. Ke3 Re4+ 54. Kd3 Rd4+ 1/2-1/2

[Event "Dortmund GER Grand Prix"]
[Site "Dortmund"]
[Date "2022.07.23"]
[Round "6"]
[White "Deac, Bogdan Daniel"]
[Black "McShane, Luke J"]
[Result "1-0"]
[WhiteElo "2692"]
[BlackElo "2649"]
[PlyCount "117"]
[EventDate "2022.07.17"]
[EventType "tourn"]
[EventRounds "7"]
[EventCountry "GER"]
[EventCategory "17"]
[SourceTitle "CBM 211 Extra"]
[Source "ChessBase"]
[SourceDate "2023.01.31"]
[SourceVersion "1"]
[SourceVersionDate "2023.01.31"]
[SourceQuality "1"]

1. d4 Nf6 2. c4 e6 3. Nc3 Bb4 4. e3 0-0 5. Bd3 d5 6. a3 Bxc3+ 7. bxc3 dxc4 8. Bxc4 c5 9. Nf3 Qc7 10. Be2 Nc6 11. Bb2 Rd8 12. Qc2 Bd7 13. 0-0 Rac8 14. Rac1 Ne7 15. Bd3 Ng6 16. Qe2 Bc6 17. Nd2 e5 18. g3 h5 19. e4 cxd4 20. cxd4 exd4 21. f4 h4 22. Nf3 hxg3 23. hxg3 Qb6 24. Ng5 Bb5 25. Rcd1 Nf8 26. Rd2 Rc3 27. Bxb5 Rxg3+ 28. Kh2 d3 29. Qd1 Qe3 30. Bxf6 gxf6 31. Rf3 Rxf3 32. Nxf3 Ng6 33. f5 Qh6+ 34. Kg1 Qe3+ 35. Kh1 Ne5 36. Nxe5 fxe5 37. Qg1+ Qxg1+ 38. Kxg1 Rd4 39. Bxd3 Ra4 40. Ra2 b5 41. Bxb5 Rxe4 42. Re2 Rxe2 43. Bxe2 Kg7 44. Kf2 Kf6 45. Bd3 Ke7 46. Kf3 f6 47. Kg4 Kf7 48. Kh5 Kg7 49. Bb5 Kh7 50. Be8 Kg7 51. Bg6 a6 52. a4 a5 53. Be8 Kf8 54. Bb5 Kg7 55. Bc6 Kh7 56. Be8 Kg7 57. Bg6 Kg8 58. Kh6 Kf8 59. Kh7 1-0

[Event "Dortmund GER Grand Prix"]
[Site "Dortmund"]
[Date "2022.07.22"]
[Round "5"]
[White "McShane, Luke J"]
[Black "Eljanov, Pavel"]
[Result "1/2-1/2"]
[WhiteElo "2649"]
[BlackElo "2681"]
[PlyCount "119"]
[EventDate "2022.07.17"]
[EventType "tourn"]
[EventRounds "7"]
[EventCountry "GER"]
[EventCategory "17"]
[SourceTitle "CBM 209 Extra"]
[Source "ChessBase"]
[SourceDate "2022.09.30"]
[SourceVersion "1"]
[SourceVersionDate "2022.09.30"]
[SourceQuality "1"]

1. e4 e5 2. Nf3 Nc6 3. Bb5 Nf6 4. 0-0 Nxe4 5. d4 Nd6 6. Bxc6 dxc6 7. dxe5 Nf5 8. Qxd8+ Kxd8 9. h3 Be7 10. Nc3 Nh4 11. Nxh4 Bxh4 12. Re1 h5 13. Ne2 Be7 14. Bd2 Bd7 15. Rad1 Ke8 16. e6 Bxe6 17. Nd4 Bf6 18. Nxe6 fxe6 19. Rxe6+ Kf7 20. Rde1 Rhd8 21. Bc3 Bxc3 22. Re7+ Kf8 23. bxc3 Rd1 24. Rxd1 Kxe7 25. g4 a5 26. f4 a4 27. Kf2 Ra5 28. Rd4 c5 29. Re4+ Kf7 30. gxh5 a3 31. Kf3 Rb5 32. Ra4 Rb2 33. Rxa3 Rxc2 34. Ra7 Rxc3+ 35. Kg4 b5 36. Rxc7+ Kg8 37. h4 c4 38. Rb7 Ra3 39. Rxb5 Rxa2 40. Rc5 Rc2 41. h6 gxh6 42. Kf5 c3 43. h5 Rc1 44. Kf6 c2 45. Rc8+ Kh7 46. Rc7+ Kg8 47. Rc8+ Kh7 48. f5 Ra1 49. Rc7+ Kg8 50. Rc8+ Kh7 51. Rxc2 Ra6+ 52. Ke5 Ra5+ 53. Ke4 Ra4+ 54. Kd5 Kg7 55. Rc6 Ra1 56. Rg6+ Kf7 57. Rxh6 Rd1+ 58. Ke5 Re1+ 59. Kd5 Rd1+ 60. Ke5 1/2-1/2

[Event "Bundesliga 2122"]
[Site "Germany"]
[Date "2022.07.08"]
[Round "12.5"]
[White "McShane, Luke J"]
[Black "Santos Ruiz, Miguel"]
[Result "1-0"]
[WhiteElo "2647"]
[BlackElo "2597"]
[PlyCount "69"]
[EventDate "2022.03.05"]
[EventType "team-tourn"]
[EventRounds "15"]
[EventCountry "GER"]
[SourceTitle "CBM 209 Extra"]
[Source "ChessBase"]
[SourceDate "2022.09.30"]
[SourceVersion "1"]
[SourceVersionDate "2022.09.30"]
[SourceQuality "1"]
[WhiteTeam "Werder Bremen"]
[BlackTeam "Bayern Muenchen"]
[WhiteTeamCountry "GER"]
[BlackTeamCountry "GER"]

1. e4 e5 2. Nf3 Nf6 3. Nxe5 d6 4. Nf3 Nxe4 5. d3 Nf6 6. d4 d5 7. Bd3 Bd6 8. Qe2+ Be6 9. c4 dxc4 10. Bxc4 Qe7 11. 0-0 Bxc4 12. Qxc4 0-0 13. Re1 Qd7 14. Nc3 Qf5 15. Bg5 Nbd7 16. Qb3 a5 17. Rac1 Ra6 18. Bxf6 Nxf6 19. Nb5 Rb6 20. Nxd6 Qd7 21. Ne5 Qxd6 22. Qc3 Rb5 23. Nc4 Qb4 24. Qxb4 Rxb4 25. a3 Rb3 26. Nxa5 Rxb2 27. Rxc7 Re8 28. Rxe8+ Nxe8 29. Rxb7 Ra2 30. g3 Rxa3 31. Nc4 Ra8 32. d5 Kf8 33. d6 Ra1+ 34. Kg2 Rd1 35. d7 1-0

[Event "Bundesliga 2122"]
[Site "Germany"]
[Date "2022.07.07"]
[Round "11.5"]
[White "Indjic, Aleksandar"]
[Black "McShane, Luke J"]
[Result "1/2-1/2"]
[WhiteElo "2605"]
[BlackElo "2647"]
[PlyCount "84"]
[EventDate "2022.03.05"]
[EventType "team-tourn"]
[EventRounds "15"]
[EventCountry "GER"]
[SourceTitle "CBM 209 Extra"]
[Source "ChessBase"]
[SourceDate "2022.09.30"]
[SourceVersion "1"]
[SourceVersionDate "2022.09.30"]
[SourceQuality "1"]
[WhiteTeam "Muenchen 36"]
[BlackTeam "Werder Bremen"]
[WhiteTeamCountry "GER"]
[BlackTeamCountry "GER"]

1. d4 Nf6 2. c4 e6 3. Nc3 Bb4 4. Qc2 d5 5. a3 Bxc3+ 6. Qxc3 0-0 7. Bg5 h6 8. Bxf6 Qxf6 9. Nf3 c6 10. h4 Nd7 11. g4 Qe7 12. g5 h5 13. Bh3 dxc4 14. g6 fxg6 15. Qxc4 Rxf3 16. exf3 Nb6 17. Qc2 Qf6 18. Rg1 Kf7 19. Rg5 Nd5 20. 0-0-0 Nf4 21. Bf1 Bd7 22. Bd3 Be8 23. Bc4 Rd8 24. Qe4 b5 25. Ba2 Rxd4 26. Rxd4 Qxd4 27. Qxd4 Ne2+ 28. Kd1 Nxd4 29. Bb1 Kf6 30. f4 Nf3 31. Rc5 Nxh4 32. Be4 Ke7 33. b4 Kd6 34. Ke2 a5 35. Ke3 axb4 36. axb4 Nf5+ 37. Bxf5 exf5 38. Kf3 Ke7 39. Kg3 Kf6 40. Kh4 Bd7 41. Rc1 Be8 42. Rc5 Ke6 1/2-1/2

[Event "Bundesliga 2122"]
[Site "Germany"]
[Date "2022.05.15"]
[Round "8.8"]
[White "McShane, Luke J"]
[Black "Esipenko, Andrey"]
[Result "1/2-1/2"]
[WhiteElo "2647"]
[BlackElo "2723"]
[PlyCount "95"]
[EventDate "2022.03.05"]
[EventType "team-tourn"]
[EventRounds "15"]
[EventCountry "GER"]
[SourceTitle "EXT 2023"]
[Source "ChessBase"]
[SourceDate "2022.10.05"]
[SourceVersion "1"]
[SourceVersionDate "2022.10.05"]
[SourceQuality "1"]
[WhiteTeam "Werder Bremen"]
[BlackTeam "Kiel Turm"]
[WhiteTeamCountry "GER"]
[BlackTeamCountry "GER"]

1. e4 e5 2. Nf3 Nc6 3. Bb5 Nf6 4. 0-0 Nxe4 5. Re1 Nd6 6. Nxe5 Be7 7. Bf1 Nxe5 8. Rxe5 0-0 9. d4 Bf6 10. Re2 Nc4 11. Nd2 d5 12. Nxc4 dxc4 13. Re1 Be6 14. c3 b5 15. Bf4 c6 16. Qh5 Bd5 17. Re3 g6 18. Qh3 Re8 19. Rae1 Rxe3 20. Qxe3 a5 21. g4 Bg7 22. a3 Qd7 23. h3 Bf8 24. Bh6 Bxh6 25. Qxh6 Qd6 26. Bg2 b4 27. Bxd5 Qxd5 28. Re5 Qf3 29. Qe3 Qd1+ 30. Kg2 Qc2 31. Re8+ Rxe8 32. Qxe8+ Kg7 33. Qe5+ Kg8 34. Qe8+ Kg7 35. Qe5+ Kg8 36. Qb8+ Kg7 37. axb4 axb4 38. Qe5+ Kg8 39. Qb8+ Kg7 40. Qxb4 Qe4+ 41. Kg3 Qd3+ 42. f3 g5 43. Qe7 Qd2 44. Qe5+ f6 45. Qe7+ Kg6 46. Qe4+ Kg7 47. Qe7+ Kg6 48. Qe4+ 1/2-1/2

[Event "Bundesliga 2122"]
[Site "Germany"]
[Date "2022.03.05"]
[Round "1.1"]
[White "Adams, Michael"]
[Black "McShane, Luke J"]
[Result "1/2-1/2"]
[WhiteElo "2698"]
[BlackElo "2647"]
[PlyCount "77"]
[EventDate "2022.03.05"]
[EventType "team-tourn"]
[EventRounds "15"]
[EventCountry "GER"]
[SourceTitle "EXT 2023"]
[Source "ChessBase"]
[SourceDate "2022.10.05"]
[SourceVersion "1"]
[SourceVersionDate "2022.10.05"]
[SourceQuality "1"]
[WhiteTeam "Baden-Baden"]
[BlackTeam "Werder Bremen"]
[WhiteTeamCountry "GER"]
[BlackTeamCountry "GER"]

1. e4 e5 2. Nf3 Nc6 3. Bc4 Bc5 4. d3 Nf6 5. a4 a6 6. a5 Bb4+ 7. Bd2 Bxd2+ 8. Nbxd2 0-0 9. 0-0 d6 10. Re1 Kh8 11. c3 Nh5 12. g3 f5 13. Nxe5 Nxe5 14. Qxh5 f4 15. f3 Rf6 16. Qh4 fxg3 17. hxg3 Qe8 18. d4 Nxc4 19. Nxc4 Rxf3 20. e5 d5 21. Nd2 Rf5 22. Rf1 h6 23. Rxf5 Bxf5 24. Rf1 Qg6 25. Rf2 b6 26. axb6 cxb6 27. Nf1 Be6 28. Ne3 Qd3 29. Qf4 Ra7 30. Ng2 Kg8 31. Qf8+ Kh7 32. Kh2 Qd1 33. Qe8 Rf7 34. Nf4 Qg4 35. Kg2 Rxf4 36. Rxf4 Qe2+ 37. Rf2 Bh3+ 38. Kxh3 Qxf2 39. e6 1/2-1/2

[Event "LCC English Rapid playoff 12th"]
[Site "London"]
[Date "2021.12.12"]
[Round "1"]
[White "McShane, Luke J"]
[Black "Jones, Gawain C B"]
[Result "0-1"]
[WhiteElo "2655"]
[BlackElo "2665"]
[PlyCount "100"]
[EventDate "2021.12.12"]
[EventType "match (rapid)"]
[EventRounds "2"]
[EventCountry "ENG"]
[SourceTitle "CBM 205 Extra"]
[Source "ChessBase"]
[SourceDate "2022.01.31"]
[SourceVersion "1"]
[SourceVersionDate "2022.01.31"]
[SourceQuality "1"]

1. e4 c5 2. Nf3 d6 3. Bc4 Nf6 4. d3 Nc6 5. c3 g6 6. 0-0 Bg7 7. Bb3 0-0 8. Re1 e5 9. Nbd2 h6 10. Nf1 d5 11. h3 b6 12. Ba4 Bb7 13. Bxc6 Bxc6 14. Nxe5 Bb7 15. Ng4 dxe4 16. Nxf6+ Qxf6 17. dxe4 Rfe8 18. f3 Red8 19. Qe2 Qe6 20. Bf4 Rd7 21. Red1 Rad8 22. Rxd7 Qxd7 23. Re1 Qe6 24. a3 Qb3 25. Ne3 Bc6 26. Qf2 h5 27. g4 hxg4 28. hxg4 Qe6 29. Kg2 Qf6 30. Bg3 Rd3 31. Rd1 Qd8 32. Qc2 c4 33. Rxd3 cxd3 34. Qd2 Bh6 35. Be1 Bf4 36. Qf2 Qg5 37. Bd2 Qb5 38. Nf1 Bd6 39. Be3 f5 40. gxf5 gxf5 41. exf5 Qxf5 42. Nd2 Qh5 43. Kf1 Kf7 44. Qg2 Bd7 45. Ke1 Bh3 46. Qg1 Bf5 47. Kd1 Be7 48. Kc1 Bf6 49. Bd4 Bg5 50. Be3 Bxe3 0-1

[Event "LCC English Rapid 12th"]
[Site "London"]
[Date "2021.12.12"]
[Round "8"]
[White "Trent, Lawrence"]
[Black "McShane, Luke J"]
[Result "0-1"]
[WhiteElo "2401"]
[BlackElo "2655"]
[PlyCount "116"]
[EventDate "2021.12.11"]
[EventType "tourn (rapid)"]
[EventRounds "9"]
[EventCountry "ENG"]
[EventCategory "11"]
[SourceTitle "CBM 205 Extra"]
[Source "ChessBase"]
[SourceDate "2022.01.31"]
[SourceVersion "1"]
[SourceVersionDate "2022.01.31"]
[SourceQuality "1"]

1. Nc3 d5 2. d4 Nf6 3. Bf4 c6 4. e3 Bf5 5. Bd3 Bxd3 6. Qxd3 e6 7. Nf3 Be7 8. h3 Qb6 9. 0-0 Qa6 10. Bxb8 Qxd3 11. cxd3 Rxb8 12. Rab1 a5 13. Rfc1 Bd6 14. Na4 Ke7 15. a3 Ra8 16. Nd2 Nd7 17. Nb3 e5 18. Kf1 g6 19. dxe5 Nxe5 20. Ke2 Ra7 21. Nd4 Ra6 22. Rc2 Nd7 23. Rbc1 h5 24. Nb3 Ra7 25. Nd4 Rha8 26. Kd2 Ra6 27. Nb3 Nf6 28. Nbc5 R6a7 29. Nb6 Rb8 30. Ke2 Bxc5 31. Rxc5 a4 32. b3 axb3 33. a4 Nd7 34. Nxd7 Kxd7 35. Rb1 Rxa4 36. Rxb3 b5 37. Rc1 Rba8 38. Rbc3 R8a6 39. Kf3 Ra3 40. Rxa3 Rxa3 41. d4 Ra2 42. Rb1 Kc7 43. g4 hxg4+ 44. hxg4 Kb6 45. Kg3 Ka5 46. Rc1 Kb6 47. Rb1 Rc2 48. g5 c5 49. dxc5+ Kxc5 50. Ra1 b4 51. Ra7 b3 52. Rxf7 Kb6 53. Rf8 Rc7 54. Rb8+ Rb7 55. Rh8 b2 56. Rh1 Kc5 57. Rb1 Kc4 58. Kf4 Rf7+ 0-1

[Event "EU-chT 23rd"]
[Site "Terme Catez"]
[Date "2021.11.19"]
[Round "7.2"]
[White "Lupulescu, Constantin"]
[Black "McShane, Luke J"]
[Result "1/2-1/2"]
[WhiteElo "2624"]
[BlackElo "2667"]
[PlyCount "124"]
[EventDate "2021.11.12"]
[EventType "team-swiss"]
[EventRounds "9"]
[EventCountry "SLO"]
[SourceTitle "CBM 205"]
[Source "ChessBase"]
[SourceDate "2021.12.31"]
[SourceVersion "1"]
[SourceVersionDate "2021.12.31"]
[SourceQuality "1"]
[WhiteTeam "Romania"]
[BlackTeam "England"]
[WhiteTeamCountry "ROU"]
[BlackTeamCountry "ENG"]

1. c4 Nf6 2. Nc3 e5 3. Nf3 Nc6 4. e4 Bb4 5. d3 d6 6. a3 Bc5 7. b4 Bb6 8. Be3 0-0 9. Be2 Bg4 10. 0-0 Bxf3 11. Bxf3 Nd4 12. Na4 Qd7 13. Nxb6 Nxf3+ 14. Qxf3 axb6 15. h3 Qe6 16. a4 Nd7 17. Ra3 Rfb8 18. Rfa1 Nf8 19. Qe2 Qd7 20. d4 exd4 21. Bxd4 Ng6 22. Rg3 Qe7 23. a5 bxa5 24. bxa5 Re8 25. Qb2 f6 26. Re3 Reb8 27. Qc2 Qd7 28. Rb3 Qc6 29. Rb5 Nf4 30. Be3 Ne6 31. Rab1 Kh8 32. f3 h6 33. Kh2 Nd8 34. Qc3 Nf7 35. Bd4 Kg8 36. Qb3 Nd8 37. c5+ Kh8 38. Kh1 Rc8 39. cxd6 Qxd6 40. Rd5 Qe7 41. e5 f5 42. Bc3 Ra6 43. Rbd1 Qe8 44. Qb1 f4 45. Qb4 Ne6 46. Qxb7 Rc6 47. Qb2 Qg6 48. Rc1 Ra8 49. Be1 Raa6 50. Rdd1 Kh7 51. Rxc6 Rxc6 52. Rc1 Ra6 53. Qb1 Qxb1 54. Rxb1 Kg6 55. Kg1 Kf5 56. Bc3 Rc6 57. Rb3 Nc5 58. Ra3 Ra6 59. Kf1 Ke6 60. Ra1 Kd5 61. Rd1+ Kc4 62. Bd2 g5 1/2-1/2

[Event "EU-chT 23rd"]
[Site "Terme Catez"]
[Date "2021.11.13"]
[Round "2.11"]
[White "McShane, Luke J"]
[Black "Sanikidze, Tornike"]
[Result "1/2-1/2"]
[WhiteElo "2667"]
[BlackElo "2458"]
[PlyCount "173"]
[EventDate "2021.11.12"]
[EventType "team-swiss"]
[EventRounds "9"]
[EventCountry "SLO"]
[SourceTitle "CBM 205"]
[Source "ChessBase"]
[SourceDate "2021.12.31"]
[SourceVersion "1"]
[SourceVersionDate "2021.12.31"]
[SourceQuality "1"]
[WhiteTeam "England"]
[BlackTeam "Georgia"]
[WhiteTeamCountry "ENG"]
[BlackTeamCountry "GEO"]

1. e4 e5 2. Nf3 Nc6 3. d4 exd4 4. Nxd4 Bc5 5. Nxc6 Qf6 6. Qf3 Qxf3 7. gxf3 bxc6 8. Nc3 Ne7 9. h4 h5 10. Be3 Bxe3 11. fxe3 d6 12. Bd3 a5 13. 0-0-0 Ba6 14. Rdg1 g6 15. Rg5 Bxd3 16. cxd3 f6 17. Rg2 Kf7 18. d4 a4 19. Ne2 Ra5 20. Nf4 Rg8 21. Nd3 Rh8 22. Rhg1 Rg8 23. Rh2 Rh8 24. Kd2 Rb5 25. Rc1 Ra8 26. Rc3 Rab8 27. Rc4 Ra5 28. Kc3 Ke6 29. Kc2 Kd7 30. Rc3 Rh8 31. Nf4 g5 32. hxg5 Rxg5 33. Kd3 h4 34. Rc1 Rg3 35. Rf1 Ng6 36. Ne2 Rg5 37. f4 Rg4 38. Rg1 Rxg1 39. Nxg1 d5 40. Nf3 Rb8 41. e5 Ke6 42. Nxh4 Nxh4 43. Rxh4 Rxb2 44. Rh6 Rxa2 45. Rxf6+ Kd7 46. Rf7+ Kd8 47. Rf8+ Ke7 48. Ra8 a3 49. Ra7 Kd7 50. f5 Rf2 51. f6 a2 52. Ra6 Ke8 53. Kc3 Kf7 54. Kb3 c5 55. dxc5 Rf5 56. Kc3 Rxe5 57. Kd4 Re6 58. Ra7 Kxf6 59. Kxd5 Rxe3 60. Rxa2 Re6 61. Ra7 c6+ 62. Kd4 Re1 63. Rc7 Re6 64. Kc3 Re5 65. Kd4 Re1 66. Rxc6+ Ke7 67. Rc7+ Kd8 68. Ra7 Rh1 69. Kc4 Kc8 70. Re7 Rg1 71. Kb5 Rg6 72. Ra7 Kb8 73. Rd7 Kc8 74. Rh7 Kb8 75. Kc4 Kc8 76. Kd5 Rg5+ 77. Kc4 Rg6 78. Re7 Rg4+ 79. Kb5 Rg6 80. Rh7 Kb8 81. Rd7 Kc8 82. Rd6 Rxd6 83. cxd6 Kd7 84. Kc5 Kd8 85. Kc6 Kc8 86. d7+ Kd8 87. Kd6 1/2-1/2

[Event "Bundesliga 1920"]
[Site "Germany"]
[Date "2021.10.15"]
[Round "11.1"]
[White "McShane, Luke J"]
[Black "Demchenko, Anton"]
[Result "0-1"]
[WhiteElo "2675"]
[BlackElo "2654"]
[PlyCount "160"]
[EventDate "2019.11.23"]
[EventType "team-tourn"]
[EventRounds "15"]
[EventCountry "GER"]
[SourceTitle "EXT 2022"]
[Source "ChessBase"]
[SourceDate "2021.10.06"]
[SourceVersion "1"]
[SourceVersionDate "2021.10.06"]
[SourceQuality "1"]
[WhiteTeam "Werder Bremen"]
[BlackTeam "Kiel Turm"]
[WhiteTeamCountry "GER"]
[BlackTeamCountry "GER"]

1. e4 e5 2. Nf3 Nc6 3. Bb5 a6 4. Ba4 d6 5. 0-0 Bd7 6. c3 Nf6 7. Re1 g6 8. d4 Bg7 9. Nbd2 0-0 10. Nf1 b5 11. Bc2 exd4 12. Nxd4 Rb8 13. Bg5 Qc8 14. Qd2 Ne5 15. Ne3 Re8 16. f3 a5 17. a4 bxa4 18. Bxa4 Bxa4 19. Rxa4 Qb7 20. Ra2 Nfd7 21. Rb1 Nb6 22. Qc2 d5 23. Rxa5 Nec4 24. Nxc4 Nxc4 25. Ra4 Nb6 26. Raa1 dxe4 27. fxe4 Nc4 28. Nf3 Rxe4 29. Kh1 h6 30. Bd2 Re2 31. Re1 Rxe1+ 32. Rxe1 Qxb2 33. Qxb2 Rxb2 34. Bf4 c5 35. h4 Nb6 36. Re8+ Kh7 37. Be3 Re2 38. Rb8 Rxe3 39. Rxb6 Bxc3 40. Rc6 Bb4 41. Kg1 Kg7 42. Kf2 Re4 43. g3 Re7 44. Kg2 f6 45. Ng1 g5 46. Kf3 Kg6 47. hxg5 hxg5 48. Nh3 Kf5 49. Nf2 Ra7 50. g4+ Ke5 51. Nd3+ Kd4 52. Rd6+ Kc4 53. Nf2 Bc3 54. Ne4 Be5 55. Rd8 Ra3+ 56. Ke2 Kb5 57. Rd5 Bd4 58. Kd2 Kc4 59. Rf5 Ra2+ 60. Ke1 Ra6 61. Ke2 Re6 62. Kf3 Be5 63. Ke3 Kd5 64. Nc3+ Kc6 65. Ne4 Kd5 66. Nc3+ Kc4 67. Ne4 Bd4+ 68. Kf3 Rb6 69. Ke2 Rb2+ 70. Nd2+ Kb4 71. Kd3 Be5 72. Ne4 c4+ 73. Ke3 c3 74. Nxg5 Rb1 75. Kd3 Kb3 76. Ne4 Rd1+ 77. Ke2 c2 78. Rf3+ Kb2 79. Nf2 Rd4 80. Rd3 c1N+ 0-1

[Event "Bundesliga 1920"]
[Site "Germany"]
[Date "2021.10.15"]
[Round "12.5"]
[White "Svane, Rasmus"]
[Black "McShane, Luke J"]
[Result "1-0"]
[WhiteElo "2594"]
[BlackElo "2675"]
[PlyCount "71"]
[EventDate "2019.11.23"]
[EventType "team-tourn"]
[EventRounds "15"]
[EventCountry "GER"]
[SourceTitle "CBM 204 Extra"]
[Source "ChessBase"]
[SourceDate "2021.11.30"]
[SourceVersion "1"]
[SourceVersionDate "2021.11.30"]
[SourceQuality "1"]
[WhiteTeam "Hamburger SK"]
[BlackTeam "Werder Bremen"]
[WhiteTeamCountry "GER"]
[BlackTeamCountry "GER"]

1. e4 e5 2. Nf3 Nc6 3. Bb5 Nf6 4. 0-0 Nxe4 5. Re1 Nd6 6. Nxe5 Be7 7. Bf1 Nxe5 8. Rxe5 0-0 9. d4 Bf6 10. Re2 b6 11. Re1 Re8 12. Bf4 Rxe1 13. Qxe1 Ne8 14. Nc3 Bb7 15. Qd2 d5 16. Re1 Nd6 17. Bd3 c5 18. dxc5 bxc5 19. Nxd5 Bxd5 20. Bxh7+ Kxh7 21. Qxd5 Be7 22. Re3 Bf8 23. Rh3+ Kg8 24. Qh5 f6 25. Qh8+ Kf7 26. Qh5+ Kg8 27. g4 Qe8 28. Qh7+ Kf7 29. Qh5+ Kg8 30. Qh7+ Kf7 31. Re3 Qc6 32. g5 fxg5 33. Bxd6 Bxd6 34. Qf5+ Kg8 35. Qe6+ Kf8 36. Re5 1-0

[Event "Douglas Manx Liberty"]
[Site "Douglas"]
[Date "2021.09.26"]
[Round "9"]
[White "McShane, Luke J"]
[Black "Lupulescu, Constantin"]
[Result "1/2-1/2"]
[WhiteElo "2674"]
[BlackElo "2660"]
[PlyCount "43"]
[EventDate "2021.09.18"]
[EventType "tourn"]
[EventRounds "9"]
[EventCountry "ENG"]
[EventCategory "12"]
[SourceTitle "CBM 204 Extra"]
[Source "ChessBase"]
[SourceDate "2021.11.30"]
[SourceVersion "1"]
[SourceVersionDate "2021.11.30"]
[SourceQuality "1"]

1. e4 e6 2. d4 d5 3. exd5 exd5 4. Nf3 Nf6 5. Bd3 c5 6. 0-0 c4 7. Be2 Bd6 8. b3 cxb3 9. axb3 0-0 10. c4 Nc6 11. Nc3 h6 12. cxd5 Nb4 13. Bc4 a6 14. Ne5 Bf5 15. Qf3 Bh7 16. Bf4 Rc8 17. Rac1 Re8 18. Rfd1 Nc2 19. Ne2 Nb4 20. Nc3 Nc2 21. Ne2 Nb4 22. Nc3 1/2-1/2

[Event "Douglas Manx Liberty"]
[Site "Douglas"]
[Date "2021.09.25"]
[Round "8"]
[White "Kolbus, Dietmar"]
[Black "McShane, Luke J"]
[Result "0-1"]
[WhiteElo "2295"]
[BlackElo "2674"]
[PlyCount "178"]
[EventDate "2021.09.18"]
[EventType "tourn"]
[EventRounds "9"]
[EventCountry "ENG"]
[EventCategory "12"]
[SourceTitle "CBM 204 Extra"]
[Source "ChessBase"]
[SourceDate "2021.11.30"]
[SourceVersion "1"]
[SourceVersionDate "2021.11.30"]
[SourceQuality "1"]

1. e4 c5 2. Nf3 Nc6 3. Bb5 e6 4. 0-0 Nge7 5. Re1 a6 6. Bf1 d5 7. exd5 Nxd5 8. c3 Be7 9. Na3 0-0 10. Nc2 Qc7 11. d4 Rd8 12. Qe2 b6 13. g3 Bb7 14. Bg2 cxd4 15. Ncxd4 Nxd4 16. Nxd4 Rac8 17. Nf3 Bf8 18. Nd2 b5 19. a3 Nb6 20. Bxb7 Qxb7 21. Nf1 Nc4 22. Nd2 Nb6 23. Nf1 Rd5 24. Be3 Nc4 25. Rad1 Rcd8 26. Rxd5 Rxd5 27. Bd4 e5 28. Be3 Qd7 29. Bc1 Rd3 30. a4 bxa4 31. Qe4 Qd5 32. Qxd5 Rxd5 33. Ne3 Nxe3 34. Bxe3 Rd3 35. Rc1 f6 36. Kf1 a3 37. bxa3 Bxa3 38. Rc2 Be7 39. Ra2 Rxc3 40. Rxa6 h5 41. Ra7 Kf7 42. h3 Ke6 43. Ra6+ Kf5 44. Ra4 Kg6 45. g4 Bc5 46. Bxc5 Rxc5 47. Kg2 Kg5 48. gxh5 Rc7 49. Rg4+ Kxh5 50. f4 exf4 51. Rxf4 Rc5 52. Ra4 Rg5+ 53. Kf3 Rf5+ 54. Kg3 Re5 55. Rh4+ Kg6 56. Ra4 Re3+ 57. Kg2 Re7 58. Kg3 Kf5 59. Rf4+ Ke5 60. Ra4 Rd7 61. Kg2 f5 62. Ra5+ Kf4 63. Ra4+ Kg5 64. Kg3 Rd6 65. Rb4 g6 66. Ra4 Rd3+ 67. Kg2 Re3 68. Rb4 Re4 69. Rb8 Kf4 70. Kf2 Rd4 71. Rb2 Kg5 72. Rb8 Rd2+ 73. Kf3 Rd3+ 74. Kg2 Kf4 75. Rb6 Rd2+ 76. Kg1 Kg5 77. Ra6 Kh5 78. Rf6 Re2 79. Kh1 Kg5 80. Ra6 f4 81. Kg1 Kh5 82. Rf6 g5 83. Rf8 Kh4 84. Kf1 Rh2 85. Rh8+ Kg3 86. Rg8 Rh1+ 87. Ke2 f3+ 88. Ke3 Re1+ 89. Kd2 f2 0-1